[Event "C.to Provinciale BI-VC"]
[Site "Valle Mosso ITA"]
[Date "2010.04.23"]
[Round "6"]
[White "Saviano, Sabato"]
[Black "Scarrone, Alberto"]
[Result "1-0"]
[WhiteElo "1684"]
[BlackElo "1820"]
[PlyCount "87"]
[EventDate "2010.03.12"]

1. d4 Nf6 2. c4 g6 3. Nc3 Bg7 4. e4 d6 5. h3 O-O 6. Nf3 c5 7. d5 e6 8. Bd3 Re8
9. O-O Na6 10. a3 Nc7 11. Bg5 exd5 12. exd5 Qd7 13. Qd2 b6 14. Bc2 Ba6 15. b3
Ncxd5 16. Nxd5 Nxd5 17. Qxd5 Bxa1 18. Rxa1 Bb7 19. Qd3 Be4 20. Qc3 Bxc2 21.
Qxc2 Re6 22. Qc3 f5 23. Qd3 Qb7 24. Rd1 Rae8 25. Bh6 Qe7 26. Qd5 Kh8 27. Bd2
Kg7 28. Bc3+ Kg8 29. h4 h6 30. Bd2 Kh7 31. h5 Qf6 32. hxg6+ Kxg6 33. g3 Kh7 34.
Qd3 Kg8 35. Bc3 Qg6 36. Nh4 Qg4 37. Nxf5 h5 38. Qd5 Kh7 39. Qd3 Kg8 40. Nh4 Qe2
41. Qd5 Kh7 42. Qf5+ Kg8 43. Qg5+ Kh7 44. Qg7# 1-0

[Event "C.to Provinciale BI-VC"]
[Site "Valle Mosso ITA"]
[Date "2010.04.23"]
[Round "6"]
[White "Siclari, Alberto"]
[Black "Tibaldeschi, Attilio"]
[Result "0-1"]
[WhiteElo "1461"]
[BlackElo "1750"]
[PlyCount "104"]
[EventDate "2010.03.12"]

1. f4 g6 2. Nf3 Bg7 3. g3 Nf6 4. Bg2 d6 5. c3 Nc6 6. d3 O-O 7. O-O Bd7 8. e4
Rb8 9. Be3 b6 10. Nbd2 Ng4 11. Bf2 e5 12. fxe5 dxe5 13. Nc4 Be6 14. Ne3 Ne7 15.
Nxg4 Bxg4 16. h3 Be6 17. Ng5 Bc8 18. Qe2 c5 19. Rad1 Nc6 20. Be3 Ba6 21. Nf3
Qc7 22. Rd2 Rbd8 23. h4 h6 24. h5 Qd6 25. c4 Nd4 26. Bxd4 cxd4 27. Nh4 Bc8 28.
Qf3 g5 29. Nf5 Bxf5 30. Qxf5 b5 31. b3 bxc4 32. bxc4 Qb4 33. Qf2 Rb8 34. Rfd1
Rb6 35. Bh3 Rfb8 36. Rc2 Qc5 37. Rdd2 a5 38. Rb2 a4 39. Bd7 a3 40. Rxb6 Rxb6
41. Bb5 Bf8 42. Kh2 Kg7 43. Qg2 Qe7 44. g4 Rf6 45. Rf2 Rf4 46. Rxf4 gxf4 47.
Ba4 Qh4+ 48. Qh3 Qf2+ 49. Qg2 Qe3 50. Bc2 f6 51. Qg1 Qe2+ 52. Qg2 f3 0-1

[Event "C.to Provinciale BI-VC"]
[Site "Valle Mosso ITA"]
[Date "2010.04.23"]
[Round "6"]
[White "Squara, Marco"]
[Black "Migliorini, Matteo"]
[Result "1-0"]
[WhiteElo "1824"]
[BlackElo "1638"]
[PlyCount "69"]
[EventDate "2010.03.12"]

1. d4 d5 2. c4 c6 3. cxd5 cxd5 4. Nc3 Nf6 5. Bf4 a6 6. e3 Bf5 7. Nf3 e6 8. Bd3
Bxd3 9. Qxd3 Nc6 10. O-O Be7 11. h3 O-O 12. Rac1 Rc8 13. a3 Na5 14. Rc2 Nc4 15.
Nd2 b5 16. Nxc4 bxc4 17. Qe2 Bd6 18. Bxd6 Qxd6 19. Rd1 Rfe8 20. Qf3 Qc6 21. Qg3
Rb8 22. f3 Rb3 23. Rdd2 Rd8 24. Qh4 h6 25. g4 Qd6 26. g5 hxg5 27. Qxg5 Nh7 28.
Qh4 g5 29. Rg2 f6 30. f4 Rd7 31. fxg5 Nxg5 32. Rcf2 Rh7 33. Qg4 Kh8 34. h4 Rbb7
35. hxg5 1-0

[Event "C.to Provinciale BI-VC"]
[Site "Valle Mosso ITA"]
[Date "2010.04.23"]
[Round "6"]
[White "Stefanini, Niccolo'"]
[Black "Ferrari, Lorenzo"]
[Result "1-0"]
[WhiteElo "1464"]
[BlackElo "1652"]
[PlyCount "89"]
[EventDate "2010.03.12"]

1. e4 e5 2. Nf3 Nc6 3. d4 exd4 4. Nxd4 Nxd4 5. Qxd4 Nf6 6. Bg5 c5 7. Bxf6 gxf6
8. Qd5 Be7 9. Nc3 O-O 10. Bd3 d6 11. O-O a6 12. Rfe1 Qc7 13. b3 Bd7 14. Qh5 Be6
15. e5 f5 16. Bxf5 Bxf5 17. Qxf5 Qc8 18. Qxc8 Rfxc8 19. Nd5 Bd8 20. exd6 Kf8
21. d7 Rc6 22. Re8+ Kg7 23. Ne7 Re6 24. Nc8 Bf6 25. g3 b5 26. Rd1 c4 27. Nd6
Rd8 28. Rxe6 fxe6 29. Ne8+ Kf7 30. Nxf6 Kxf6 31. bxc4 bxc4 32. f4 Ke7 33. Kf2
a5 34. a4 Kf6 35. g4 Ke7 36. Ke3 h6 37. Rd4 Kf6 38. Ke4 h5 39. gxh5 c3 40. h6
Ke7 41. h7 e5 42. Kxe5 Kf7 43. h8=Q Rxh8 44. d8=Q Rh5+ 45. Qg5 1-0

[Event "C.to Provinciale BI-VC"]
[Site "Valle Mosso ITA"]
[Date "2010.04.23"]
[Round "6"]
[White "Ubezio, Marco"]
[Black "Caldi, Mario"]
[Result "1/2-1/2"]
[WhiteElo "2139"]
[BlackElo "1819"]
[PlyCount "69"]
[EventDate "2010.03.12"]

1. e4 e6 2. d4 d5 3. Nc3 Bb4 4. exd5 exd5 5. Bd3 Ne7 6. Qh5 g6 7. Qe5 O-O 8.
Bg5 Re8 9. Nge2 Nbc6 10. Qf4 Qd7 11. O-O Bd6 12. Qf6 Nf5 13. g4 Be7 14. Bxf5
Qd8 15. Bxc8 Bxf6 16. Bxb7 Rb8 17. Bxc6 Rxe2 18. Nxe2 Bxg5 19. b3 Qd6 20. Ba4
c6 21. Rae1 h5 22. gxh5 gxh5 23. Kh1 Kh8 24. Rg1 Qf6 25. f4 Bh4 26. Ref1 Rg8
27. Rxg8+ Kxg8 28. c3 Kf8 29. b4 Qe6 30. Bd1 Qe4+ 31. Kg1 Qe3+ 32. Kg2 Bf6 33.
a4 h4 34. h3 a6 35. a5 1/2-1/2

[Event "C.to Provinciale BI-VC"]
[Site "Valle Mosso ITA"]
[Date "2010.04.23"]
[Round "6"]
[White "Zannoni, Gianni"]
[Black "Bardone, Lorenzo"]
[Result "1/2-1/2"]
[WhiteElo "1845"]
[BlackElo "1515"]
[PlyCount "112"]
[EventDate "2010.03.12"]

1. e4 e6 2. d3 d5 3. Nd2 c5 4. Ngf3 Nc6 5. g3 Nf6 6. Bg2 Be7 7. O-O O-O 8. Re1
Qc7 9. Nf1 dxe4 10. dxe4 b6 11. c3 Bb7 12. Qc2 h6 13. h4 Bd6 14. Qe2 Ne5 15.
Nxe5 Bxe5 16. f4 Bd6 17. e5 Bxg2 18. Qxg2 Bxe5 19. fxe5 Nd5 20. Bf4 Nxf4 21.
gxf4 Rad8 22. Rad1 c4 23. Ng3 Qc5+ 24. Qf2 Qc6 25. Nh5 Rxd1 26. Rxd1 Qe4 27.
Qg3 Qg6 28. Qxg6 fxg6 29. Rd4 gxh5 30. Rxc4 Rd8 31. Rc6 Rd1+ 32. Kf2 Rd2+ 33.
Ke3 Rxb2 34. Rxe6 Rxa2 35. f5 Ra5 36. Kd4 Ra4+ 37. c4 b5 38. Rc6 Rxc4+ 39. Rxc4
bxc4 40. Kxc4 a5 41. Kb5 Kf7 42. Kxa5 g5 43. fxg6+ Kxg6 44. Kb5 Kf5 45. Kc4
Kxe5 46. Kd3 Kf4 47. Ke2 Kg3 48. Kf1 Kxh4 49. Kg2 Kg4 50. Kh2 h4 51. Kg2 h3+
52. Kh2 h5 53. Kg1 Kg3 54. Kh1 h4 55. Kg1 h2+ 56. Kh1 h3 1/2-1/2

[Event "XLII C.to Italiano a squadre A1.2"]
[Site "Bologna ITA"]
[Date "2010.03.28"]
[Round "5"]
[White "Cebalo, Miso"]
[Black "Djuric, Stefan"]
[Result "0-1"]
[WhiteElo "2495"]
[BlackElo "2416"]
[PlyCount "80"]
[EventDate "2010.03.26"]

1. d4 Nf6 2. c4 g6 3. Nc3 Bg7 4. e4 O-O 5. f4 d6 6. Nf3 Na6 7. Bd3 e5 8. fxe5
dxe5 9. d5 Nc5 10. Bc2 a5 11. O-O Qe7 12. Kh1 Bg4 13. h3 Bd7 14. Be3 Nh5 15.
Bf2 Nf4 16. Qd2 Ra6 17. Be3 g5 18. Qf2 Ncd3 19. Bxd3 Nxd3 20. Qd2 Nf4 21. Ne2
Rh6 22. Kg1 f5 23. exf5 Bxf5 24. Ng3 Bxh3 25. gxh3 Nxh3+ 26. Kg2 Qd7 27. Nxg5
Nxg5 28. Rxf8+ Bxf8 29. Bxg5 Qh3+ 30. Kf3 Rg6 31. Rh1 e4+ 32. Kxe4 Qxg3 33. Bf4
Qg4 34. Qh2 Rg7 35. Kd3 Qf3+ 36. Be3 Qf5+ 37. Kd2 Qe4 38. Rg1 Bb4+ 39. Kd1 Qd3+
40. Bd2 Qxd2+ 0-1

[Event "XIX Weekend A"]
[Site "Ceriano Laghetto ITA"]
[Date "2010.03.??"]
[Round "1"]
[White "Bemporad, Filippo"]
[Black "Colovic, Aleksandar"]
[Result "0-1"]
[WhiteElo "2057"]
[BlackElo "2464"]
[PlyCount "50"]
[EventDate "2010.03.26"]

1. d4 Nf6 2. Nf3 c5 3. c4 cxd4 4. Nxd4 e6 5. Nc3 Bb4 6. Ndb5 d5 7. a3 Bxc3+ 8.
Nxc3 d4 9. Nb1 e5 10. e3 O-O 11. exd4 exd4 12. Be2 Bf5 13. O-O d3 14. Bf3 Nc6
15. Nc3 Qd4 16. Nb5 Qxc4 17. Nd6 Qe6 18. Nxb7 Nd4 19. Nc5 Qd6 20. b4 Rae8 21.
Bg5 Ne4 22. Nxe4 Bxe4 23. Bxe4 Rxe4 24. Be3 Rfe8 25. Kh1 Ne2 0-1

[Event "XIX Weekend A"]
[Site "Ceriano Laghetto ITA"]
[Date "2010.03.??"]
[Round "1"]
[White "Magrini, Fabrizio"]
[Black "Angelini, Marco"]
[Result "1/2-1/2"]
[WhiteElo "2130"]
[BlackElo "2046"]
[PlyCount "104"]
[EventDate "2010.03.26"]

1. e4 c5 2. Nf3 d6 3. d4 cxd4 4. Qxd4 a6 5. c4 Nf6 6. Nc3 g6 7. b3 Bg7 8. Bb2
Nc6 9. Qd2 O-O 10. Be2 Qa5 11. Nd5 Qxd2+ 12. Nxd2 Nxd5 13. Bxg7 Kxg7 14. exd5
Nb4 15. O-O b5 16. Ne4 bxc4 17. Bxc4 Bf5 18. Ng3 Bd3 19. Bxd3 Nxd3 20. Rad1 Nb4
21. Rd2 Rfc8 22. Re1 Kf8 23. Nf1 Rc5 24. Ne3 Rac8 25. Kf1 h5 26. Ke2 Kg7 27.
Red1 R8c7 28. a3 Nc2 29. Nc4 Rxc4 30. bxc4 Nxa3 31. Ra2 Nxc4 32. Rc1 Rc5 33.
Rac2 Ne5 34. Rxc5 dxc5 35. Rxc5 Kf6 36. f4 Ng4 37. h3 Nh6 38. g3 Nf5 39. Kf3
Nd6 40. Rc6 a5 41. Ra6 a4 42. Rxa4 e6 43. Ra6 Ke7 44. dxe6 Kxe6 45. f5+ gxf5
46. Kf4 Ke7 47. Rxd6 Kxd6 48. Kxf5 Ke7 49. Kg5 Ke6 50. Kxh5 Kf5 51. g4+ Kf4 52.
g5 Kg3 1/2-1/2

[Event "XIX Weekend A"]
[Site "Ceriano Laghetto ITA"]
[Date "2010.03.??"]
[Round "1"]
[White "Rota, Simone"]
[Black "Bozzali, Ermanno"]
[Result "0-1"]
[WhiteElo "2041"]
[BlackElo "2114"]
[PlyCount "84"]
[EventDate "2010.03.26"]

1. d4 e6 2. c4 f5 3. Nf3 Nf6 4. g3 c6 5. Bg2 d5 6. O-O Bd6 7. b3 Qe7 8. Bb2 O-O
9. Ne5 b6 10. Nd2 Bb7 11. Rc1 Nfd7 12. e3 Nxe5 13. dxe5 Bc5 14. Nf3 Na6 15. Bd4
Rfd8 16. Qc2 dxc4 17. bxc4 Ba3 18. Rcd1 c5 19. Ba1 Bb4 20. Nh4 Bxg2 21. Nxg2
Ba5 22. a3 Rxd1 23. Rxd1 Rd8 24. Nf4 Kf7 25. Rd3 Nc7 26. Qd1 Rxd3 27. Qxd3 Ke8
28. Nh5 a6 29. a4 Qf7 30. Qd1 Bb4 31. Nf4 Qd7 32. Nd3 b5 33. axb5 axb5 34. Qc2
bxc4 35. Qxc4 Qd5 36. Qxd5 Nxd5 37. Kf1 Kd7 38. Ke2 Kc6 39. Nf4 Nxf4+ 40. gxf4
Kd5 41. f3 Kc4 42. Bb2 Kb3 0-1

[Event "XIX Weekend A"]
[Site "Ceriano Laghetto ITA"]
[Date "2010.03.??"]
[Round "1"]
[White "Salvador, Roland"]
[Black "Mastroddi, Emiliano"]
[Result "1-0"]
[WhiteElo "2483"]
[BlackElo "2085"]
[PlyCount "51"]
[EventDate "2010.03.26"]

1. d4 Nf6 2. Nf3 g6 3. c4 Bg7 4. Nc3 O-O 5. e4 d6 6. h3 Na6 7. Bg5 h6 8. Be3 e5
9. d5 b6 10. Be2 Nc5 11. Nd2 a5 12. g4 Ne8 13. Rg1 Kh7 14. h4 Qe7 15. Nf1 Bd7
16. Ng3 f5 17. gxf5 gxf5 18. exf5 Nf6 19. Bh5 e4 20. Bg6+ Kh8 21. Qd2 Nd3+ 22.
Kd1 Ng4 23. Kc2 Nxe3+ 24. Qxe3 Nc5 25. Nh5 Rg8 26. f6 1-0

[Event "XIX Weekend A"]
[Site "Ceriano Laghetto ITA"]
[Date "2010.03.??"]
[Round "2"]
[White "Angelini, Marco"]
[Black "Bemporad, Filippo"]
[Result "0-1"]
[WhiteElo "2046"]
[BlackElo "2057"]
[PlyCount "78"]
[EventDate "2010.03.26"]

1. e4 c5 2. Nf3 d6 3. d4 cxd4 4. Nxd4 Nf6 5. Nc3 e6 6. g3 Be7 7. Bg2 a6 8. a4
Qc7 9. O-O O-O 10. Be3 Nc6 11. f4 Na5 12. Kh1 Nc4 13. Bc1 Rb8 14. Qd3 Rd8 15.
b3 Ne5 16. Qd2 Nc6 17. Nxc6 bxc6 18. Qe2 c5 19. Bb2 Nd7 20. e5 Bb7 21. Ne4 dxe5
22. fxe5 Nxe5 23. Qf2 f5 24. Qf4 Bf6 25. Nxf6+ gxf6 26. Rae1 Bxg2+ 27. Kxg2
Qc6+ 28. Kg1 Ng6 29. Qe3 Kf7 30. Qh6 Rh8 31. Rd1 c4 32. Qe3 Rhc8 33. Ba3 Rd8
34. Bb2 Rbc8 35. Qe2 Qc5+ 36. Kg2 cxb3 37. cxb3 Qc2 38. Kf2 Qxe2+ 39. Kxe2 Rc2+
0-1

[Event "XIX Weekend A"]
[Site "Ceriano Laghetto ITA"]
[Date "2010.03.??"]
[Round "2"]
[White "Bozzali, Ermanno"]
[Black "Salvador, Roland"]
[Result "0-1"]
[WhiteElo "2114"]
[BlackElo "2483"]
[PlyCount "54"]
[EventDate "2010.03.26"]

1. e4 c5 2. Nf3 e6 3. c4 Nc6 4. Nc3 Nf6 5. Be2 a6 6. O-O Qc7 7. d4 cxd4 8. Nxd4
Bb4 9. Nxc6 dxc6 10. Qd4 e5 11. Qe3 h6 12. a3 Bxc3 13. bxc3 O-O 14. a4 Be6 15.
Ba3 Rfc8 16. c5 Rd8 17. Rab1 Qe7 18. Rb2 b5 19. axb5 axb5 20. Bb4 Bc4 21. f3
Qe6 22. Qc1 Nh5 23. Rd1 Nf4 24. Rxd8+ Rxd8 25. Bxc4 Qxc4 26. Qf1 Qxf1+ 27. Kxf1
Rd1+ 0-1

[Event "XIX Weekend A"]
[Site "Ceriano Laghetto ITA"]
[Date "2010.03.??"]
[Round "2"]
[White "Colovic, Aleksandar"]
[Black "D'Alessio, Angelo"]
[Result "1-0"]
[WhiteElo "2464"]
[BlackElo "2031"]
[PlyCount "75"]
[EventDate "2010.03.26"]

1. d4 Nf6 2. Nf3 e6 3. g3 d5 4. c4 Be7 5. Bg2 Nc6 6. O-O dxc4 7. Qa4 Bd7 8.
Qxc4 O-O 9. Rd1 Nd5 10. e4 Na5 11. Qe2 Nb6 12. Bd2 Nac4 13. Bc3 Bb5 14. b3 Nd6
15. Qc2 c6 16. a4 Ba6 17. Bb2 Rc8 18. Nc3 Qc7 19. Ba3 Rfe8 20. Re1 h6 21. e5
Nf5 22. Bxe7 Nxe7 23. Ne4 Red8 24. Rac1 Nf5 25. Qb2 Rd7 26. Nc5 Rd5 27. g4 Ne7
28. Nd2 Rcd8 29. Bxd5 Nbxd5 30. b4 Qb6 31. Rb1 Nf4 32. b5 cxb5 33. axb5 Nd3 34.
Nxd3 Rxd4 35. bxa6 Rxg4+ 36. Kh1 Qxa6 37. f3 Rg5 38. Qb5 1-0

[Event "XIX Weekend A"]
[Site "Ceriano Laghetto ITA"]
[Date "2010.03.??"]
[Round "2"]
[White "Mastroddi, Emiliano"]
[Black "Magrini, Fabrizio"]
[Result "1/2-1/2"]
[WhiteElo "2085"]
[BlackElo "2130"]
[PlyCount "29"]
[EventDate "2010.03.26"]

1. e4 c5 2. Nc3 a6 3. f4 b5 4. Nf3 Bb7 5. d3 e6 6. e5 d5 7. exd6 Nf6 8. f5 Bxd6
9. fxe6 O-O 10. exf7+ Rxf7 11. Bg5 Qe8+ 12. Be2 Bxf3 13. gxf3 Nc6 14. Qd2 Nd4
15. O-O-O 1/2-1/2

[Event "XIX Weekend A"]
[Site "Ceriano Laghetto ITA"]
[Date "2010.03.??"]
[Round "2"]
[White "Rambaldi, Francesco"]
[Black "Rota, Simone"]
[Result "1/2-1/2"]
[WhiteElo "1952"]
[BlackElo "2041"]
[PlyCount "61"]
[EventDate "2010.03.26"]

1. e4 c5 2. Nf3 d6 3. d4 cxd4 4. Nxd4 Nf6 5. Nc3 e6 6. Be2 Be7 7. Be3 Nc6 8.
O-O O-O 9. f4 Bd7 10. Qe1 Nxd4 11. Bxd4 Bc6 12. Bd3 Re8 13. Qg3 Bf8 14. Rad1
Qe7 15. Bxf6 Qxf6 16. e5 Qd8 17. exd6 Bxd6 18. Kh1 Qc7 19. Bxh7+ Kxh7 20. Qd3+
Kg8 21. Qxd6 Qb6 22. b3 Rad8 23. Qe5 Rxd1 24. Nxd1 Qa6 25. Re1 Qxa2 26. Ne3 Qa6
27. Nc4 Bd5 28. Ne3 Bc6 29. Nc4 Bd5 30. Ne3 Bc6 31. Nc4 1/2-1/2

[Event "XIX Weekend A"]
[Site "Ceriano Laghetto ITA"]
[Date "2010.03.??"]
[Round "3"]
[White "Angelini, Marco"]
[Black "Rambaldi, Francesco"]
[Result "1-0"]
[WhiteElo "2046"]
[BlackElo "1952"]
[PlyCount "77"]
[EventDate "2010.03.26"]

1. e4 c5 2. Nf3 e6 3. Nc3 a6 4. d4 cxd4 5. Nxd4 Qc7 6. g3 b5 7. Bg2 Bb7 8. O-O
Nf6 9. a3 d6 10. f4 Nc6 11. Nb3 Be7 12. f5 exf5 13. Rxf5 Ne5 14. h3 O-O 15. Kh2
Rfd8 16. Qe2 Bc8 17. Rf1 Be6 18. Nd5 Bxd5 19. exd5 Re8 20. Nd4 Bf8 21. Qd2 Rac8
22. b3 Ng6 23. Bb2 Qc5 24. Nc6 Qe3 25. Qxe3 Rxe3 26. Bxf6 gxf6 27. Rf2 Ne7 28.
a4 Nxc6 29. dxc6 b4 30. Rd1 Be7 31. a5 Re5 32. Rd4 Rxa5 33. Rxb4 Kf8 34. Rb7 d5
35. b4 Ra4 36. Re2 Re8 37. Bxd5 Ra1 38. c7 Ra3 39. Rxe7 1-0

[Event "XIX Weekend A"]
[Site "Ceriano Laghetto ITA"]
[Date "2010.03.??"]
[Round "3"]
[White "D'Alessio, Angelo"]
[Black "Bemporad, Filippo"]
[Result "1-0"]
[WhiteElo "2031"]
[BlackElo "2057"]
[PlyCount "85"]
[EventDate "2010.03.26"]

1. e4 c5 2. Nf3 d6 3. d4 cxd4 4. Nxd4 Nf6 5. Nc3 e6 6. Be3 a6 7. f3 b5 8. Qd2
Bb7 9. Bd3 Qc7 10. g4 Nc6 11. Nxc6 Qxc6 12. O-O-O Be7 13. h4 O-O-O 14. Rh3 d5
15. exd5 Nxd5 16. Nxd5 Rxd5 17. Qe2 Rhd8 18. f4 b4 19. Kb1 Kb8 20. Qf2 a5 21.
Rc1 R5d7 22. Bb6 Rc8 23. Bd4 Bc5 24. Be5+ Ka8 25. Qe2 f6 26. Bb5 Qg2 27. Qxg2
Bxg2 28. Bxd7 Rd8 29. Rh2 Bd5 30. Bxf6 gxf6 31. Bb5 Be3 32. Rf1 Kb7 33. g5 Rf8
34. Bd3 Rf7 35. g6 hxg6 36. Bxg6 Rf8 37. h5 f5 38. h6 Kc6 39. h7 Rh8 40. Bf7
Kd6 41. Bg8 Bd4 42. Rd1 Be3 43. Re2 1-0

[Event "XIX Weekend A"]
[Site "Ceriano Laghetto ITA"]
[Date "2010.03.??"]
[Round "3"]
[White "Magrini, Fabrizio"]
[Black "Bozzali, Ermanno"]
[Result "1/2-1/2"]
[WhiteElo "2130"]
[BlackElo "2114"]
[PlyCount "70"]
[EventDate "2010.03.26"]

1. e4 c5 2. Nf3 d6 3. d4 cxd4 4. Nxd4 Nf6 5. Nc3 a6 6. Bg5 e6 7. f4 b5 8. e5
dxe5 9. fxe5 Qc7 10. exf6 Qe5+ 11. Be2 Qxg5 12. O-O Ra7 13. Qd3 Rd7 14. Ne4 Qe5
15. Nf3 Qxb2 16. Qe3 Bb7 17. Bd3 Bxe4 18. Qxe4 gxf6 19. a4 b4 20. Rad1 Bc5+ 21.
Kh1 f5 22. Qf4 Bd6 23. Qh4 Rg8 24. Rd2 Rg4 25. Qxh7 Qg7 26. Qh3 Bf4 27. Re2 Kf8
28. Rfe1 Rd5 29. Bc4 Rd6 30. Nh4 Qh7 31. g3 Bg5 32. Bd3 Bxh4 33. Qxg4 fxg4 34.
Bxh7 Bf6 35. Bd3 Bc3 1/2-1/2

[Event "XIX Weekend A"]
[Site "Ceriano Laghetto ITA"]
[Date "2010.03.??"]
[Round "3"]
[White "Rota, Simone"]
[Black "Mastroddi, Emiliano"]
[Result "1/2-1/2"]
[WhiteElo "2041"]
[BlackElo "2085"]
[PlyCount "67"]
[EventDate "2010.03.26"]

1. d4 Nf6 2. Nf3 g6 3. c4 Bg7 4. Nc3 O-O 5. e4 d6 6. Be2 Na6 7. O-O e5 8. d5
Nc5 9. Qc2 a5 10. Be3 b6 11. h3 Nh5 12. Nh2 Nf4 13. Bg4 f5 14. exf5 gxf5 15.
Be2 Nxe2+ 16. Qxe2 f4 17. Bxc5 bxc5 18. Ne4 Bf5 19. f3 h5 20. Rfd1 Qe8 21. Kh1
Qg6 22. Rd3 Rfb8 23. Nf1 Rb4 24. Rc1 Rab8 25. b3 Bh6 26. Nfd2 Kh8 27. Qf2 Rg8
28. Rdc3 Bg5 29. Rg1 Be7 30. Kh2 h4 31. Kh1 Rgb8 32. Ra1 Qe8 33. Qe1 Qg6 34.
Qf2 1/2-1/2

[Event "XIX Weekend A"]
[Site "Ceriano Laghetto ITA"]
[Date "2010.03.??"]
[Round "3"]
[White "Salvador, Roland"]
[Black "Colovic, Aleksandar"]
[Result "1-0"]
[WhiteElo "2483"]
[BlackElo "2464"]
[PlyCount "63"]
[EventDate "2010.03.26"]

1. d4 Nf6 2. Nf3 e6 3. c4 d5 4. Nc3 Bb4 5. Bg5 Nbd7 6. e3 c5 7. cxd5 exd5 8.
Bd3 Qa5 9. O-O c4 10. Bf5 Bxc3 11. bxc3 Ne4 12. Bh4 Ndf6 13. Bxc8 Rxc8 14. Ne5
Nxc3 15. Qe1 Qa3 16. Bxf6 gxf6 17. Ng4 Rc6 18. e4 Re6 19. e5 fxe5 20. dxe5 Kd7
21. Qd2 Kc6 22. Ne3 Rxe5 23. Rac1 Nb5 24. Nxd5 Rxd5 25. Rxc4+ Rc5 26. Rxc5+
Kxc5 27. Qg5+ Kc4 28. Qf4+ Nd4 29. Rc1+ Kd5 30. Qxf7+ Kd6 31. Qc7+ Kd5 32. Qc4+
1-0

[Event "XIX Weekend A"]
[Site "Ceriano Laghetto ITA"]
[Date "2010.03.??"]
[Round "4"]
[White "Bemporad, Filippo"]
[Black "Rota, Simone"]
[Result "1-0"]
[WhiteElo "2057"]
[BlackElo "2041"]
[PlyCount "137"]
[EventDate "2010.03.26"]

1. d4 d5 2. Nf3 c6 3. g3 Nf6 4. Bg2 e6 5. O-O Bd6 6. c4 O-O 7. Nc3 Nbd7 8. Nd2
Re8 9. e4 dxe4 10. Ndxe4 Nxe4 11. Nxe4 Be7 12. d5 cxd5 13. cxd5 exd5 14. Nc3 d4
15. Qxd4 Bf6 16. Qd1 Bxc3 17. bxc3 Qc7 18. Re1 Qd8 19. Bf4 h6 20. Rb1 Nc5 21.
Qd4 Ne6 22. Qxd8 Rxd8 23. Bxb7 Bxb7 24. Rxb7 Rdc8 25. Re3 Rc6 26. Be5 Ra6 27.
Re2 Rd8 28. Rb5 Rd1+ 29. Kg2 Ra1 30. Rbb2 Nc5 31. Bd4 Nd3 32. Rb8+ Kh7 33. Rb7
Ne1+ 34. Kh3 Nf3 35. Ree7 R1xa2 36. Bxa7 Ra1 37. Be3 Rg6 38. Rxf7 Ng1+ 39. Kg2
Ne2 40. c4 Ra4 41. c5 Rc4 42. Rb6 Nc1 43. Bxc1 Rxc1 44. Rxg6 Kxg6 45. Rc7 Kf6
46. Kf3 g6 47. Rc6+ Kf5 48. h4 h5 49. Rc8 Rc4 50. Ke3 Ke5 51. Kd3 Rd4+ 52. Kc3
Ra4 53. Rg8 Rg4 54. Rd8 Ra4 55. Kb3 Ra1 56. Kc4 Rc1+ 57. Kb5 Rb1+ 58. Kc6 Rb2
59. Rf8 Ke6 60. Rf3 Rc2 61. Re3+ Kf7 62. f3 Kf6 63. Kd6 Rd2+ 64. Kc7 Rc2 65. c6
Rc1 66. Kd7 Rd1+ 67. Kc8 Rc1 68. c7 Rc2 69. Rb3 1-0

[Event "XIX Weekend A"]
[Site "Ceriano Laghetto ITA"]
[Date "2010.03.??"]
[Round "4"]
[White "Bozzali, Ermanno"]
[Black "Angelini, Marco"]
[Result "0-1"]
[WhiteElo "2114"]
[BlackElo "2046"]
[PlyCount "74"]
[EventDate "2010.03.26"]

1. d4 Nf6 2. c4 g6 3. Nc3 d5 4. cxd5 Nxd5 5. Bd2 Bg7 6. e4 Nb6 7. Be3 O-O 8.
Bb5 a6 9. Be2 Qd6 10. Nf3 Bg4 11. Qb3 Nc6 12. e5 Qb4 13. O-O Qxb3 14. axb3 Rfd8
15. Rfd1 Nb4 16. Ne4 N6d5 17. Rac1 Nxe3 18. fxe3 Nd5 19. Kf2 Bh6 20. Nfg5 Bf5
21. Rc5 Bxe4 22. Nxe4 Nxe3 23. Rd3 Nd5 24. g3 c6 25. h4 a5 26. Ng5 Bxg5 27.
hxg5 Nc7 28. Bg4 a4 29. b4 Nd5 30. Rc4 Ra6 31. Rf3 e6 32. b5 cxb5 33. Rc5 b4
34. Rb5 b6 35. Kg2 a3 36. bxa3 bxa3 37. Rf1 Ne3+ 0-1

[Event "XIX Weekend A"]
[Site "Ceriano Laghetto ITA"]
[Date "2010.03.??"]
[Round "4"]
[White "Colovic, Aleksandar"]
[Black "Magrini, Fabrizio"]
[Result "1-0"]
[WhiteElo "2464"]
[BlackElo "2130"]
[PlyCount "67"]
[EventDate "2010.03.26"]

1. d4 Nf6 2. Nf3 g6 3. Nbd2 d5 4. e3 Bg7 5. b4 O-O 6. Bb2 Nbd7 7. c4 c6 8. Be2
Ne4 9. O-O f5 10. Qb3 Nxd2 11. Nxd2 Nf6 12. b5 Kh8 13. a4 Ne4 14. Nf3 f4 15.
bxc6 bxc6 16. cxd5 cxd5 17. exf4 Bg4 18. Qe3 Qd6 19. g3 Rac8 20. Ne5 Bxe2 21.
Qxe2 Qb4 22. h4 Rc7 23. h5 g5 24. fxg5 Nxg5 25. h6 Bf6 26. Rac1 Rfc8 27. Rxc7
Rxc7 28. Qh5 Qb8 29. Bc1 Ne6 30. Be3 Rb7 31. Rc1 Rb1 32. Rxb1 Qxb1+ 33. Kh2 Qb8
34. Nd7 1-0

[Event "XIX Weekend A"]
[Site "Ceriano Laghetto ITA"]
[Date "2010.03.??"]
[Round "4"]
[White "D'Alessio, Angelo"]
[Black "Salvador, Roland"]
[Result "0-1"]
[WhiteElo "2031"]
[BlackElo "2483"]
[PlyCount "78"]
[EventDate "2010.03.26"]

1. e4 c5 2. Nf3 e6 3. d4 cxd4 4. Nxd4 Nc6 5. c4 Nf6 6. Nc3 Bb4 7. Nxc6 bxc6 8.
Bd3 Bxc3+ 9. bxc3 Qa5 10. Bd2 e5 11. Qf3 d6 12. O-O Be6 13. Qg3 O-O 14. Bh6 Ne8
15. Bd2 Kh8 16. f4 exf4 17. Rxf4 Bxc4 18. Bxc4 Qc5+ 19. Kh1 Qxc4 20. Qf3 Qe6
21. a4 Nf6 22. Re1 Nd7 23. Be3 Ne5 24. Qg3 c5 25. Rf5 f6 26. h4 Rab8 27. h5 h6
28. Bf4 Qc4 29. Qe3 Kh7 30. Qg3 Qxa4 31. Bxh6 Qd7 32. Bf4 Qf7 33. Rf1 Rbe8 34.
Bxe5 Rxe5 35. Qd3 Qe7 36. R1f4 Re8 37. h6 Rxf5 38. exf5 Qe1+ 39. Kh2 Re3 0-1

[Event "XIX Weekend A"]
[Site "Ceriano Laghetto ITA"]
[Date "2010.03.??"]
[Round "4"]
[White "Mastroddi, Emiliano"]
[Black "Rambaldi, Francesco"]
[Result "1-0"]
[WhiteElo "2085"]
[BlackElo "1952"]
[PlyCount "54"]
[EventDate "2010.03.26"]

1. e4 c5 2. c3 Nf6 3. e5 Nd5 4. d4 cxd4 5. cxd4 e6 6. Nf3 b6 7. Bd3 Ba6 8. O-O
Qc7 9. a3 Bxd3 10. Qxd3 d6 11. Bd2 Nd7 12. Nc3 Nxc3 13. Bxc3 dxe5 14. dxe5 Rd8
15. Rfd1 Be7 16. Rac1 O-O 17. Qe2 Qb7 18. b4 b5 19. Bd4 a5 20. bxa5 Ra8 21. Bb6
Nxb6 22. Qxb5 Qa6 23. Qxa6 Rxa6 24. axb6 Bxa3 25. Ra1 Rb8 26. h3 Rbxb6 27. Rxa3
Rb1 1-0

[Event "XIX Weekend A"]
[Site "Ceriano Laghetto ITA"]
[Date "2010.03.??"]
[Round "5"]
[White "Magrini, Fabrizio"]
[Black "Bemporad, Filippo"]
[Result "1-0"]
[WhiteElo "2130"]
[BlackElo "2057"]
[PlyCount "75"]
[EventDate "2010.03.26"]

1. e4 d5 2. exd5 Qxd5 3. Nc3 Qd6 4. d4 Nf6 5. Nf3 c6 6. Ne5 Nbd7 7. Nc4 Qc7 8.
Qf3 Nb6 9. Bf4 Qd8 10. Be5 Nbd5 11. Ne3 Qa5 12. Nc4 Qd8 13. Ne3 Qa5 14. Nexd5
Nxd5 15. Bc4 f6 16. Bg3 Nxc3 17. bxc3 Qf5 18. Qe2 e6 19. O-O Ba3 20. Rab1 Kf7
21. Rb3 Be7 22. Re1 h5 23. Rxb7 h4 24. Bd6 Re8 25. Rc7 Kf8 26. Rxe7 Rxe7 27.
Bxe6 Bxe6 28. Qxe6 Qxe6 29. Rxe6 Rae8 30. Rxe7 Rxe7 31. Kf1 Kf7 32. Bxe7 Kxe7
33. Ke2 Ke6 34. c4 Kf5 35. Ke3 g5 36. c5 Ke6 37. c4 f5 38. g3 1-0

[Event "XIX Weekend A"]
[Site "Ceriano Laghetto ITA"]
[Date "2010.03.??"]
[Round "5"]
[White "Mastroddi, Emiliano"]
[Black "Colovic, Aleksandar"]
[Result "0-1"]
[WhiteElo "2085"]
[BlackElo "2464"]
[PlyCount "94"]
[EventDate "2010.03.26"]

1. e4 c5 2. Nc3 d6 3. f4 Nc6 4. Nf3 g6 5. Bb5 Bd7 6. Bxc6 Bxc6 7. d3 Bg7 8. O-O
Qd7 9. Qe1 Nf6 10. Bd2 Nh5 11. Rb1 f5 12. exf5 Qxf5 13. Ne4 O-O 14. Neg5 e5 15.
Nh4 Qg4 16. f5 gxf5 17. Nxf5 Rxf5 18. Rxf5 Qxf5 19. g4 Qd7 20. gxh5 h6 21. Ne4
d5 22. Nf2 Qf5 23. Qe2 Rf8 24. Ng4 Qe6 25. Rf1 Rxf1+ 26. Qxf1 Be8 27. Qg2 Kh8
28. Ne3 d4 29. Qg4 Bd7 30. Qxe6 Bxe6 31. Ng4 Bxa2 32. Bxh6 Bxh6 33. Nxh6 Bb1
34. Nf7+ Kg7 35. Nxe5 Bxc2 36. Kf2 Bd1 37. Kg3 Bxh5 38. Kf4 Bg6 39. Kf3 Bf5 40.
h4 Kf6 41. Kf4 b5 42. h5 a5 43. h6 a4 44. h7 Bxh7 45. Nd7+ Ke7 46. Nxc5 Kd6 47.
Nb7+ Kd5 0-1